[Event "AUTO-OPEN-988"]
[Site "http://www.queenalice.com/game.php?id=344374"]
[Date "2008.1.28"]
[Round "1"]
[White "Dorval_Player"]
[Black "Winsomelosesome"]
[Result "0-1"]
[WhiteElo "1335"]
[BlackElo "1883"]

1. e4 e5 2. f4 exf4 3. Bc4 Qh4+ 4. Kf1 Nf6 5. Nf3 Qg4 6. Bxf7+ Kd8 7. h3 Qg3 8.
Nc3 Nc6 9. Qe1 Qxe1+ 10. Kxe1 Bb4 0-1

[Event "AUTO-OPEN-988"]
[Site "http://www.queenalice.com/game.php?id=344391"]
[Date "2008.1.28"]
[Round "1"]
[White "TheWatcher"]
[Black "Dorval_Player"]
[Result "1-0"]
[WhiteElo "1847"]
[BlackElo "1420"]

1. d4 Nf6 2. g3 d5 3. Nf3 e6 4. Bg2 Nc6 5. O-O Be7 6. Nc3 O-O 7. Re1 Bb4 8. a3
Bxc3 9. bxc3 Qe7 10. Bf4 Ne4 11. Qd3 Nf6 12. Ng5 a6 13. e4 Qd7 14. e5 Ne4 15.
Bxe4 dxe4 16. Nxe4 1-0

[Event "AUTO-OPEN-988"]
[Site "http://www.queenalice.com/game.php?id=344392"]
[Date "2008.1.28"]
[Round "1"]
[White "Dorval_Player"]
[Black "TheWatcher"]
[Result "0-1"]
[WhiteElo "1436"]
[BlackElo "1845"]

1. Nf3 Nf6 2. d4 d5 3. e3 c6 4. Be2 Bf5 5. O-O e6 6. Nc3 h6 7. a3 Nbd7 8. Bd3
Ne4 9. Bd2 Bd6 10. Be2 O-O 11. Be1 Qe7 12. b4 Rad8 0-1

[Event "AUTO-OPEN-989"]
[Site "http://www.queenalice.com/game.php?id=344624"]
[Date "2008.1.29"]
[Round "1"]
[White "J_Ricardo"]
[Black "Dorval_Player"]
[Result "1-0"]
[WhiteElo "1459"]
[BlackElo "1376"]

1. e4 e5 2. Nf3 Nc6 3. a3 d6 4. Nc3 Bg4 5. h3 Be6 6. d3 Nf6 7. Bg5 Be7 8. Qd2
O-O 9. Be2 d5 10. exd5 Nxd5 11. Nxd5 Bxd5 12. O-O Bxf3 13. Bxf3 Bxg5 14. Qe2 Nd4
15. Qd1 Nxf3+ 16. Qxf3 b6 17. Rae1 Bf6 18. Qg3 1-0

[Event "AUTO-OPEN-989"]
[Site "http://www.queenalice.com/game.php?id=344625"]
[Date "2008.1.29"]
[Round "1"]
[White "Dorval_Player"]
[Black "J_Ricardo"]
[Result "0-1"]
[WhiteElo "1363"]
[BlackElo "1472"]

1. Nf3 d6 2. d4 Nf6 3. e3 d5 4. Nc3 e6 5. Be2 Bd6 6. O-O h6 7. Bd3 a6 8. a3 Bd7
9. Re1 Nc6 10. e4 dxe4 11. Nxe4 Nxe4 12. Bxe4 Qe7 13. d5 Ne5 14. dxe6 Bxe6 15.
Nxe5 Bxe5 16. Bxb7 Qh4 17. Rxe5 Rb8 0-1

[Event "AUTO-OPEN-989"]
[Site "http://www.queenalice.com/game.php?id=344646"]
[Date "2008.1.29"]
[Round "1"]
[White "Dorval_Player"]
[Black "reginaldox"]
[Result "0-1"]
[WhiteElo "1440"]
[BlackElo "1742"]

1. e4 c5 2. Nf3 d6 3. d4 cxd4 4. Nxd4 e5 5. Bb5+ Bd7 6. Bxd7+ Qxd7 7. Nf3 Nf6 8.
Nc3 Be7 9. O-O O-O 10. Bg5 Nc6 11. Re1 a6 12. a3 Rad8 13. Qd3 d5 14. Bxf6 Bxf6
15. Nxd5 Qe6 16. Qe3 Ne7 17. Rad1 Nxd5 18. exd5 Rxd5 19. Rc1 Rfd8 0-1

[Event "AUTO-OPEN-989"]
[Site "http://www.queenalice.com/game.php?id=344647"]
[Date "2008.1.29"]
[Round "1"]
[White "reginaldox"]
[Black "Dorval_Player"]
[Result "1-0"]
[WhiteElo "1759"]
[BlackElo "1305"]

1. b4 e5 2. Bb2 Bxb4 3. Bxe5 Nf6 4. Nf3 Nc6 5. c3 Be7 6. e3 O-O 7. Be2 d5 8. O-O
Be6 9. d4 Ne4 10. Nfd2 Bf6 11. f3 Nxd2 12. Nxd2 Nxe5 13. dxe5 Bxe5 14. Qc2 Qf6
15. Rac1 Qh4 16. f4 Bf6 17. Nf3 Qh6 18. Qb2 b6 19. Qd2 1-0

[Event "AUTO-OPEN-989"]
[Site "http://www.queenalice.com/game.php?id=344648"]
[Date "2008.1.29"]
[Round "1"]
[White "Dorval_Player"]
[Black "polakinho"]
[Result "1-0"]
[WhiteElo "1523"]
[BlackElo "1134"]

1. d4 Nc6 2. Nf3 e5 3. Nc3 d6 4. dxe5 dxe5 5. Qxd8+ Kxd8 6. e4 Nd4 7. Bd3 Bg4 8.
Nxe5 Ke7 9. Nxg4 Rd8 10. Nd5+ Kd6 11. Be3 Kc5 12. c3 Rxd5 13. exd5 Kxd5 14. Bxd4
b5 15. O-O a6 16. Rfe1 Nf6 17. Nxf6+ gxf6 18. Bxf6 Rg8 19. Rad1 Kd6 20. Bxh7+
Kc5 21. Bxg8 1-0

[Event "AUTO-OPEN-989"]
[Site "http://www.queenalice.com/game.php?id=344649"]
[Date "2008.1.29"]
[Round "1"]
[White "polakinho"]
[Black "Dorval_Player"]
[Result "0-1"]
[WhiteElo "1149"]
[BlackElo "1526"]

1. c3 e5 2. e4 Nc6 3. Nf3 Nf6 4. Qb3 Be7 5. Qd1 d6 6. h4 Bg4 7. Bb5 Qd7 8. O-O
O-O 9. a4 Nxe4 10. Qe1 Nf6 11. d4 Bxf3 12. gxf3 exd4 13. cxd4 d5 14. Qd1 Qd6 15.
f4 Ne4 16. f3 Qg6+ 17. Kh1 Ng3+ 18. Kg1 Nxf1+ 19. Kxf1 Bxh4 20. Ke2 Rfe8+ 21.
Kd2 Qg2+ 22. Kd3 Nb4+ 23. Kc3 Be1+ 24. Bd2 Bxd2+ 25. Nxd2 Nc6 26. Qg1 Qh3 27.
Re1 Qd7 28. Qg4 Qd6 29. Rg1 Qb4+ 30. Kd3 Qxd4+ 31. Kc2 g6 32. Bd3 Nb4+ 33. Kd1
Qxd3 34. f5 Qc2# 0-1

[Event "AUTO-INT-771"]
[Site "http://www.queenalice.com/game.php?id=344690"]
[Date "2008.1.29"]
[Round "1"]
[White "rictad"]
[Black "Dorval_Player"]
[Result "1-0"]
[WhiteElo "1636"]
[BlackElo "1407"]

1. e4 e5 2. Nf3 Nf6 3. Nxe5 d6 4. Nf3 Nxe4 5. Qe2 Qe7 6. d3 Nf6 7. Nc3 Qxe2+ 8.
Bxe2 Nc6 9. Nb5 Kd8 10. Bd2 a6 11. Nbd4 Bd7 12. Ng5 Ne5 13. Bf4 1-0

[Event "AUTO-INT-771"]
[Site "http://www.queenalice.com/game.php?id=344691"]
[Date "2008.1.29"]
[Round "1"]
[White "Dorval_Player"]
[Black "rictad"]
[Result "0-1"]
[WhiteElo "1414"]
[BlackElo "1629"]

1. d4 d5 2. Nf3 Nf6 3. Nc3 Nc6 4. e3 Bf5 5. Bb5 e6 6. Bxc6+ bxc6 7. O-O Bd6 8.
Qe2 Qc8 9. Ne5 Bxe5 10. dxe5 Nd7 11. f4 Nc5 12. g4 Be4 0-1

[Event "AUTO-INT-771"]
[Site "http://www.queenalice.com/game.php?id=344709"]
[Date "2008.1.29"]
[Round "1"]
[White "Dorval_Player"]
[Black "MagnoBaiao"]
[Result "0-1"]
[WhiteElo "1429"]
[BlackElo "1714"]

1. e4 e5 2. Nf3 Nc6 3. d4 d6 4. Bb5 Ne7 5. d5 a6 6. Bxc6+ bxc6 7. Nc3 cxd5 8.
Nxd5 Nxd5 9. Qxd5 Be6 10. Qd3 Be7 11. O-O O-O 0-1

[Event "Let's Play Chess!"]
[Site "http://www.queenalice.com/game.php?id=348525"]
[Date "2008.2.4"]
[Round "-"]
[White "CampbellMarcel"]
[Black "Dorval_Player"]
[Result "1-0"]
[WhiteElo "1830"]
[BlackElo "1331"]

1. e4 e5 2. Nf3 Nf6 3. Bc4 d5 4. exd5 Bd6 5. d4 e4 6. Ne5 O-O 7. Bg5 Nbd7 8.
Nxd7 Bxd7 9. Nc3 Bb4 10. O-O Bxc3 11. bxc3 Bg4 12. Qe1 Qd6 13. Bxf6 Qxf6 14.
Qxe4 Qf5 15. f3 Qxe4 16. fxe4 Bd7 17. e5 Ba4 18. Bb3 Bxb3 19. cxb3 1-0

[Event "Let's Play Chess!"]
[Site "http://www.queenalice.com/game.php?id=348526"]
[Date "2008.2.4"]
[Round "-"]
[White "CampbellMarcel"]
[Black "Dorval_Player"]
[Result "1-0"]
[WhiteElo "1852"]
[BlackElo "1329"]

1. e4 d5 2. exd5 Nf6 3. c4 e6 4. Nc3 exd5 5. Qa4+ Bd7 6. Qb3 d4 7. Nd5 Nxd5 8.
cxd5 Qe7+ 9. Ne2 Qb4 10. Qxb4 Bxb4 11. Nxd4 O-O 12. a3 Re8+ 13. Be2 Bc5 14. Nf3
Bg4 15. b4 Bb6 16. h3 Bxf3 17. gxf3 Nd7 18. Bb2 Ne5 19. Kf1 Rad8 20. Bxe5 1-0

[Event "Let's Play Chess!"]
[Site "http://www.queenalice.com/game.php?id=348528"]
[Date "2008.2.4"]
[Round "-"]
[White "Dorval_Player"]
[Black "CampbellMarcel"]
[Result "0-1"]
[WhiteElo "1327"]
[BlackElo "1854"]

1. Nf3 e6 2. d4 Bb4+ 3. Bd2 a5 4. e3 Nf6 5. Bd3 O-O 6. O-O d5 7. c3 Bd6 8. Re1
c5 9. e4 dxe4 10. Bxe4 Nxe4 11. Rxe4 f5 12. Re1 cxd4 13. Nxd4 e5 14. Nb5 Nc6 15.
Be3 f4 16. Bc1 Rf6 17. Qd5+ Kh8 18. Nd2 Be6 0-1